01016nam a22002057a 4500003000900000008004100009040007100050082002400121100002200145245009400167260003900261300003000300440004800330505030500378650001900683650002500702650000900727700003100736700004300767AR-CdUCM190507b ||||| |||| 00| 0 spa d aMUNICIPALIDAD PROVINCIAL DEL CUSCOcBIBLIOTECA MUNICIPAL DEL CUSCO 23ed.a119.47 /bB88 aBuenaventura, San aItinerario de la mente a Dios :bseguido de Reducción de las ciencias a la teología / aBuenos Aires :bM. Aguilar,c1962. a156 páginas ;c16.5 cm. aBiblioteca de Iniciación Filosófica.n6 aContenido: Grados de la elevación hasta Dios -- De la especulación de Dios en los vestigios que de El nos muestra este mundo sensible -- De la especulación de Dios en su imagen impresa en las potencias naturales -- De la especulación de Dios en su imagen reformada por los dones gratuitos ... aEscolasticismo aTeología y ciencia aDios aMasa, Pablo (traducción) aRodrigiez Huescar, Antonio (prólogo)